[Event "69. Corus Chess 2007 GM-B"]
[Site "Wijk aan Zee NED"]
[Date "2007.01.14"]
[Round "2.2"]
[White "Stellwagen, Daniel"]
[Black "Werle, Jan"]
[Result "1/2-1/2"]
[WhiteElo "2585"]
[BlackElo "2566"]
[PlyCount "102"]
[EventDate "2007.01.13"]
[EventType "tourn"]
[EventRounds "13"]
[EventCountry "NED"]
[EventCategory "14"]
[Source "alameda1"]
[SourceDate "2007.01.13"]

1. e4 e5 2. Nf3 Nc6 3. Bb5 a6 4. Ba4 Nf6 5. O-O Be7 6. Re1 b5 7. Bb3 O-O 8. c3
d6 9. h3 Na5 10. Bc2 c5 11. d4 Qc7 12. d5 Bd7 13. b3 Rfb8 14. Nbd2 Nb7 15. Nf1
Nd8 16. g4 Ne8 17. Ng3 g6 18. Kh2 f6 19. Be3 Nf7 20. Rg1 Kh8 21. Nd2 Bf8 22.
Nf5 c4 23. Rg3 cxb3 24. axb3 Qxc3 25. Bh6 Qxa1 26. Qxa1 Nxh6 27. Ne3 a5 28. h4
Nf7 29. g5 fxg5 30. hxg5 Ng7 31. Ng2 Be7 32. f4 Rc8 33. Bb1 a4 34. bxa4 Rxa4
35. Qb2 Kg8 36. Rc3 Raa8 37. Nf3 exf4 38. Rxc8+ Rxc8 39. e5 Bg4 40. e6 Bxf3 41.
exf7+ Kxf7 42. Nxf4 Rc4 43. Ne6 Nxe6 44. dxe6+ Kxe6 45. Qxb5 d5 46. Qe8 Rg4 47.
Bxg6 hxg6 48. Qxg6+ Ke5 49. Qf7 Bxg5 50. Qxf3 Bf4+ 51. Kh1 Rg3 1/2-1/2

[Event "69. Corus Chess 2007 GM-B"]
[Site "Wijk aan Zee NED"]
[Date "2007.01.18"]
[Round "5.7"]
[White "Stellwagen, Daniel"]
[Black "L'Ami, Erwin"]
[Result "1/2-1/2"]
[WhiteElo "2585"]
[BlackElo "2594"]
[PlyCount "95"]
[EventDate "2007.01.13"]
[EventType "tourn"]
[EventRounds "13"]
[EventCountry "NED"]
[EventCategory "14"]
[Source "alameda1"]
[SourceDate "2007.01.13"]

1. e4 e5 2. Nf3 Nc6 3. Bb5 a6 4. Ba4 Nf6 5. O-O Nxe4 6. d4 b5 7. Bb3 d5 8. dxe5
Be6 9. Nbd2 Be7 10. c3 Nc5 11. Bc2 d4 12. Nb3 d3 13. Nxc5 dxc2 14. Qxd8+ Rxd8
15. Nxe6 fxe6 16. Be3 Rd5 17. Rfc1 Nxe5 18. Nxe5 Rxe5 19. Rxc2 O-O 20. g3 Bc5
21. Bxc5 Rxc5 22. Re1 Kf7 23. Rce2 Rc6 24. Kg2 Rd8 25. h4 Rd5 26. g4 Rcd6 27.
Re4 h5 28. Rf4+ Kg6 29. Re3 hxg4 30. Rxg4+ Kh7 31. a4 Rf5 32. axb5 axb5 33.
Rge4 Rf6 34. Re5 c6 35. Kg3 Kg6 36. f4 Kf7 37. h5 Rd1 38. Re1 Rxe1 39. Rxe1 Rh6
40. Re5 g6 41. hxg6+ Rxg6+ 42. Rg5 e5 43. Kf3 exf4 44. Rxg6 Kxg6 45. Kxf4 Kf6
46. b4 Ke6 47. Ke4 Kd6 48. Kd4 1/2-1/2

[Event "69. Corus Chess 2007 GM-B"]
[Site "Wijk aan Zee NED"]
[Date "2007.01.23"]
[Round "9.5"]
[White "Stellwagen, Daniel"]
[Black "Kosintseva, Tatiana"]
[Result "1-0"]
[WhiteElo "2585"]
[BlackElo "2474"]
[PlyCount "61"]
[EventDate "2007.01.13"]
[EventType "tourn"]
[EventRounds "13"]
[EventCountry "NED"]
[EventCategory "14"]
[Source "alameda1"]
[SourceDate "2007.01.13"]

1. e4 c5 2. Nf3 d6 3. d4 cxd4 4. Nxd4 Nf6 5. Nc3 Nc6 6. Bc4 Qb6 7. Nxc6 bxc6 8.
O-O g6 9. Qe1 Ng4 10. h3 Ne5 11. Na4 Qc7 12. Qc3 Rg8 13. Be2 Bg7 14. f4 Nd7 15.
Qe1 Rb8 16. Kh1 Bb7 17. Nc3 c5 18. e5 dxe5 19. fxe5 Nxe5 20. Bf4 Bc6 21. Qf2 e6
22. a4 Rxb2 23. Bb5 Qe7 24. Bxe5 Bxb5 25. Bd6 Qd7 26. Nxb5 Rxb5 27. axb5 Bxa1
28. Rxa1 Qxd6 29. Rxa7 Qd1+ 30. Kh2 Qd6+ 31. Qg3 1-0

[Event "69. Corus Chess 2007 GM-B"]
[Site "Wijk aan Zee NED"]
[Date "2007.01.24"]
[Round "10.4"]
[White "Georgiev, Vladimir"]
[Black "Stellwagen, Daniel"]
[Result "0-1"]
[WhiteElo "2525"]
[BlackElo "2585"]
[PlyCount "60"]
[EventDate "2007.01.13"]
[EventType "tourn"]
[EventRounds "13"]
[EventCountry "NED"]
[EventCategory "14"]
[Source "alameda1"]
[SourceDate "2007.01.13"]

1. d4 Nf6 2. Nf3 g6 3. c4 Bg7 4. Nc3 O-O 5. e4 d6 6. h3 c6 7. Be3 a6 8. Be2 b5
9. cxb5 axb5 10. a3 Nbd7 11. O-O Bb7 12. Qc2 Rc8 13. Rfd1 c5 14. e5 Nd5 15.
Nxd5 cxd4 16. Qe4 Bxd5 17. Qxd5 dxe3 18. exd6 exf2+ 19. Kf1 Nf6 20. Qd3 exd6
21. Nd4 d5 22. Nxb5 Ne4 23. Bg4 f5 24. Bf3 Ng3+ 25. Kxf2 Ne4+ 26. Ke2 Qb6 27.
Qxd5+ Kh8 28. Bxe4 fxe4 29. Rf1 Rc2+ 30. Kd1 Rd8 0-1

[Event "69. Corus Chess 2007 GM-B"]
[Site "Wijk aan Zee NED"]
[Date "2007.01.26"]
[Round "11.5"]
[White "L'Ami, Erwin"]
[Black "Georgiev, Vladimir"]
[Result "1-0"]
[WhiteElo "2594"]
[BlackElo "2525"]
[PlyCount "115"]
[EventDate "2007.01.13"]
[EventType "tourn"]
[EventRounds "13"]
[EventCountry "NED"]
[EventCategory "14"]
[Source "alameda1"]
[SourceDate "2007.01.13"]

1. d4 d5 2. c4 c6 3. Nc3 Nf6 4. e3 e6 5. Nf3 Nbd7 6. Bd3 dxc4 7. Bxc4 b5 8. Bd3
a6 9. e4 c5 10. e5 cxd4 11. Nxb5 Ng4 12. Qa4 Qb6 13. Nd6+ Bxd6 14. exd6 e5 15.
Bf5 Ngf6 16. Nxe5 Qxd6 17. Nxd7 Bxd7 18. Bxd7+ Nxd7 19. O-O O-O 20. Rd1 d3 21.
Bf4 Qd5 22. Qa3 Rfe8 23. Rxd3 Qe4 24. Be3 Ne5 25. Rd4 Qg6 26. Bf4 Rac8 27. h3
h6 28. Rad1 Kh7 29. Qg3 f6 30. Qxg6+ Kxg6 31. b3 Rc2 32. R4d2 Rxd2 33. Rxd2 Kf5
34. Be3 h5 35. Rd6 Re6 36. Rxe6 Kxe6 37. Kf1 Nd3 38. Ke2 Nb4 39. a4 Kd5 40. Bd2
Nc6 41. Kd3 g5 42. Bc3 f5 43. Bf6 g4 44. hxg4 hxg4 45. g3 Nb8 46. b4 Nd7 47.
Bd4 Nf8 48. b5 axb5 49. axb5 Ne6 50. Be3 Nd8 51. Kc3 Nb7 52. Kb4 Kd6 53. Bf4+
Kd5 54. Be3 Kd6 55. b6 Kd5 56. Kb5 Nd8 57. Bg5 Nb7 58. Be7 1-0

[Event "69. Corus Chess 2007 GM-B"]
[Site "Wijk aan Zee NED"]
[Date "2007.01.27"]
[Round "12.5"]
[White "Sargissian, Gabriel"]
[Black "Stellwagen, Daniel"]
[Result "1-0"]
[WhiteElo "2658"]
[BlackElo "2585"]
[PlyCount "67"]
[EventDate "2007.01.13"]
[EventType "tourn"]
[EventRounds "13"]
[EventCountry "NED"]
[EventCategory "14"]
[Source "alameda1"]
[SourceDate "2007.01.13"]

1. d4 d5 2. c4 c6 3. Nf3 Nf6 4. e3 e6 5. Bd3 Nbd7 6. b3 Bd6 7. Bb2 O-O 8. O-O
b6 9. Ne5 Bb7 10. Nd2 c5 11. cxd5 exd5 12. f4 cxd4 13. exd4 Ne4 14. Nxe4 dxe4
15. Bc4 b5 16. Bxb5 Nxe5 17. fxe5 Bxe5 18. dxe5 Qb6+ 19. Kh1 Qxb5 20. Qg4 h5
21. Qxh5 Rae8 22. a4 Qd5 23. Rfd1 Qa5 24. b4 Qb6 25. Bd4 Qxb4 26. Rab1 Qe7 27.
Rb3 Bc8 28. e6 f6 29. Rh3 Bxe6 30. Qh7+ Kf7 31. Rg3 Rg8 32. Qxe4 Rh8 33. Qg6+
Kf8 34. Bc5 1-0

[Event "69. Corus Chess 2007 GM-B"]
[Site "Wijk aan Zee NED"]
[Date "2007.01.28"]
[Round "13.5"]
[White "Smeets, Jan"]
[Black "Nijboer, Friso"]
[Result "1/2-1/2"]
[WhiteElo "2538"]
[BlackElo "2638"]
[PlyCount "42"]
[EventDate "2007.01.13"]
[EventType "tourn"]
[EventRounds "13"]
[EventCountry "NED"]
[EventCategory "14"]
[Source "alameda1"]
[SourceDate "2007.01.13"]

1. e4 c5 2. Nf3 d6 3. d4 cxd4 4. Nxd4 Nf6 5. Nc3 Nc6 6. Be2 e5 7. Nf3 h6 8. O-O
Be7 9. Re1 O-O 10. h3 Be6 11. Bf1 Qa5 12. Bd2 Qd8 13. Bc1 Qa5 14. Bd2 Qd8 15.
Bc1 Qa5 16. a3 Rfc8 17. Rb1 Nb8 18. Nh4 Nc6 19. Nf3 Nb8 20. Nh4 Nc6 21. Nf3 Nb8
1/2-1/2